[Event "Potsdam Christmas 35th"]
[Site "Potsdam"]
[Date "2010.12.30"]
[Round "7.49"]
[White "Reyher, Bastian"]
[Black "Niels, Jonas Paul"]
[Result "1/2-1/2"]
[WhiteElo "717"]
[BlackElo "862"]
[PlyCount "99"]
[EventDate "2010.12.27"]
[EventType "swiss"]
[EventRounds "7"]
[EventCountry "GER"]
[SourceTitle "EXT 2022"]
[Source "ChessBase"]
[SourceDate "2021.10.06"]
[SourceVersion "1"]
[SourceVersionDate "2021.10.06"]
[SourceQuality "1"]

1. e4 e5 2. Nf3 Nc6 3. Bc4 Nf6 4. Ng5 d5 5. exd5 Nxd5 6. d3 h6 7. Nf3 Bc5 8. 0-0 Bf5 9. Na3 a6 10. Bd2 Qd7 11. Qe2 Qe6 12. Rae1 Bd6 13. Bc3 Bg4 14. d4 f6 15. Qd3 0-0-0 16. Qe4 Bxf3 17. Bxd5 Qxd5 18. Qf5+ Rd7 19. dxe5 Nxe5 20. Nc4 Nxc4 21. Qg6 Re7 22. Bxf6 gxf6 23. Qxf6 Qg8 24. Qf5+ Kb8 25. Qxf3 Rxe1 26. Rxe1 Qf8 27. Qc3 Nb6 28. g3 Bc5 29. Kg2 Qxf2+ 30. Kh3 Bd4 31. Qb4 Nd5 32. Qa4 Qxe1 33. Qxd4 Qe8 34. Qxd5 Rh7 35. Qf5 Qd7 36. g4 Qxf5 37. gxf5 Rf7 38. Kg4 Rg7+ 39. Kh5 Rf7 40. Kg6 Rf8 41. f6 Kc8 42. f7 Kd8 43. Kf6 b5 44. Ke6 c5 45. c3 a5 46. b3 c4 47. b4 a4 48. a3 h5 49. h4 Rh8 50. Kf6 1/2-1/2

[Event "Potsdam Christmas 35th"]
[Site "Potsdam"]
[Date "2010.12.28"]
[Round "3.48"]
[White "Engers, Felix"]
[Black "Niels, Jonas Paul"]
[Result "1-0"]
[WhiteElo "1330"]
[BlackElo "862"]
[PlyCount "59"]
[EventDate "2010.12.27"]
[EventType "swiss"]
[EventRounds "7"]
[EventCountry "GER"]
[SourceTitle "EXT 2022"]
[Source "ChessBase"]
[SourceDate "2021.10.06"]
[SourceVersion "1"]
[SourceVersionDate "2021.10.06"]
[SourceQuality "1"]

1. d4 d5 2. c4 e6 3. Nc3 Nc6 4. Nf3 b6 5. Bg5 Be7 6. Bf4 Ba6 7. cxd5 exd5 8. Qa4 Bb7 9. Ne5 Qd6 10. a3 Nf6 11. Ng6 Qe6 12. Nxh8 0-0-0 13. Nxf7 Qxf7 14. Nb5 a5 15. Rc1 Bd6 16. Bxd6 Rxd6 17. Nxd6+ cxd6 18. Rxc6+ Bxc6 19. Qxc6+ Kb8 20. Qxb6+ Kc8 21. e3 Qg6 22. Qc6+ Kd8 23. Qxd6+ Ke8 24. Bb5+ Kf7 25. Qc7+ Kg8 26. 0-0 h6 27. Qxa5 Kh7 28. Qc3 Ne4 29. Qd3 Qh5 30. f3 1-0